<?xml version="1.0" encoding="UTF-8"?>
<record
    xmlns:xsi="http://www.w3.org/2001/XMLSchema-instance"
    xsi:schemaLocation="http://www.loc.gov/MARC21/slim http://www.loc.gov/standards/marcxml/schema/MARC21slim.xsd"
    xmlns="http://www.loc.gov/MARC21/slim">

  <leader>00896nam a22002297a 4500</leader>
  <controlfield tag="005">20100811123059.0</controlfield>
  <controlfield tag="008">081119t        xxu||||| |||| 00| 0 ur d</controlfield>
  <datafield tag="010" ind1=" " ind2=" ">
    <subfield code="a">UR-7668</subfield>
  </datafield>
  <datafield tag="020" ind1=" " ind2=" ">
    <subfield code="c">50.00</subfield>
  </datafield>
  <datafield tag="035" ind1=" " ind2=" ">
    <subfield code="a">6223</subfield>
  </datafield>
  <datafield tag="040" ind1=" " ind2=" ">
    <subfield code="a">DPL</subfield>
    <subfield code="b">UR</subfield>
  </datafield>
  <datafield tag="082" ind1=" " ind2=" ">
    <subfield code="a">841.092</subfield>
  </datafield>
  <datafield tag="100" ind1=" " ind2=" ">
    <subfield code="a">&#x62E;&#x648;&#x627;&#x62C;&#x6C1; &#x62D;&#x633;&#x646; &#x646;&#x638;&#x627;&#x645;&#x6CC;</subfield>
    <subfield code="9">10685</subfield>
  </datafield>
  <datafield tag="245" ind1=" " ind2=" ">
    <subfield code="a">&#x645;&#x6CC;&#x631;&#x632;&#x627;&#x63A;&#x627;&#x644;&#x628; &#x6A9;&#x627; &#x631;&#x648;&#x632;&#x646;&#x627;&#x645;&#x686;&#x6C1; /</subfield>
    <subfield code="c">&#x62E;&#x648;&#x627;&#x62C;&#x6C1; &#x62D;&#x633;&#x646; &#x646;&#x638;&#x627;&#x645;&#x6CC;</subfield>
    <subfield code="b"> </subfield>
  </datafield>
  <datafield tag="246" ind1=" " ind2=" ">
    <subfield code="a">Mirza Ghalib Ka Roz Namcha /</subfield>
    <subfield code="b">by Khwaja Hasan Nizami</subfield>
  </datafield>
  <datafield tag="260" ind1=" " ind2=" ">
    <subfield code="a"> &#x646;&#x626; &#x62F;&#x6C1;&#x644;&#x6CC;</subfield>
    <subfield code="b">&#x63A;&#x627;&#x644;&#x628; &#x627;&#x6A9;&#x6CC;&#x688;&#x645;&#x6CC;</subfield>
    <subfield code="c">2007</subfield>
  </datafield>
  <datafield tag="270" ind1=" " ind2=" ">
    <subfield code="a">Ghalib Academy, Nizamuddin Area</subfield>
    <subfield code="b">New Delhi</subfield>
    <subfield code="e">110013</subfield>
  </datafield>
  <datafield tag="300" ind1=" " ind2=" ">
    <subfield code="a">72 &#x635;</subfield>
    <subfield code="c">22 &#x633; &#x645; (Ppk)</subfield>
  </datafield>
  <datafield tag="650" ind1=" " ind2=" ">
    <subfield code="a">Urdu story</subfield>
    <subfield code="9">10686</subfield>
  </datafield>
  <datafield tag="942" ind1=" " ind2=" ">
    <subfield code="2">ddc</subfield>
    <subfield code="c">UR</subfield>
    <subfield code="m">&#x62D; &#x633; &#x646;</subfield>
    <subfield code="h">841.092</subfield>
  </datafield>
  <datafield tag="999" ind1=" " ind2=" ">
    <subfield code="c">40934</subfield>
    <subfield code="d">40934</subfield>
  </datafield>
  <datafield tag="952" ind1=" " ind2=" ">
    <subfield code="0">0</subfield>
    <subfield code="1">0</subfield>
    <subfield code="2">ddc</subfield>
    <subfield code="4">0</subfield>
    <subfield code="7">1</subfield>
    <subfield code="8">NFIC</subfield>
    <subfield code="a">DBAD</subfield>
    <subfield code="b">DBAD</subfield>
    <subfield code="d">2010-08-11</subfield>
    <subfield code="e">DBAD/PUB</subfield>
    <subfield code="g">50.00</subfield>
    <subfield code="l">0</subfield>
    <subfield code="o">841.092 &#x62D; &#x633; &#x646;</subfield>
    <subfield code="p">U-6223</subfield>
    <subfield code="r">2010-08-11 00:00:00</subfield>
    <subfield code="t">1</subfield>
    <subfield code="v">50.00</subfield>
    <subfield code="y">UR</subfield>
  </datafield>
</record>
